000 00452nam a2200169Ia 4500
008 131103s9999 xx 000 0 und d
040 _aLoreto College
041 _aEnglish
082 _aF/CRE
_bLCLIB/11464
100 _aCreasey,John
245 _aGideon's risk
_cJohn Creasey as J.J.Marric
260 _aGreat Britain
_bHodder and Stoughton
_c1960
300 _a192 p.
_c 18 cm.
650 _aFiction in English
850 _aLCLIB
942 _cBK
999 _c15499
_d65978